00339pab a2200121 454500008004000000100002100040245005900061260000900120300001600129362001100145650002700156773003400183180718b2007 xxu||||| |||| 00| 0 eng d aMistry, Percy S. aInternational financial institutions and their leaders c2007 ap.2508-513. a30 Jun aFinancial institutions aEconomic and Political Weekly